000 00855nam a2200289 c 4500
003 BLK
005 20240705094258.0
008 180410b bul|||||r ||||||| ||bul||
010 _aKNG00163083000
020 _a0-7493-0428-6
_bиздат.: Mandarin
040 _aBLK
041 _aENG
_cENG
080 _aАнглийска литература
_b821.111
_x-31
_z821.111-31
100 1 _aMaugham, William Somerset
_eпърви автор
_918158
139 _aMaugham, William Somerset
_bM 41
245 1 0 _aLisa of Lambeth
_cWilliam Somerset Maugham.
257 _aGBR
260 London
_bMandarin
_c1991
300 _a140 c.
_c18 см
380 _aX
852 _aЦб І 27420
856 4 _qpdf
_u
856 4 _qpdf
_u
942 _cKNG
_n0
_02
944 _aCR
_c16.07.2014
_k30556
_lТеодора Пейчева-Дянкова
944 _aED
_c04.09.2014
_k
999 _c156280
_d156280